| 000 | 00535nam a22001457a 4500 | ||
|---|---|---|---|
| 082 |
_a363.1251 _bASS _cD |
||
| 100 |
_aU.S department of transportation _919987 |
||
| 245 |
_aAssessment of techniques for cost effectiveness of highway accident countermeasures _cU.S department of transportation |
||
| 260 |
_aWashington, D.C _bU.S department of transportation _c1979 |
||
| 300 | _axiv, 337 p.; | ||
| 526 |
_a0 _b0 _c0 _d363_125100000000000_ASS |
||
| 650 |
_aMCE _9379 |
||
| 700 |
_aU.S department of transportation _919987 |
||
| 942 |
_2ddc _cBK |
||
| 999 |
_c542731 _d542731 |
||